000 00753nam a22001937a 4500
999 _c63949
_d63949
005 20260226145142.0
008 260226s1983 enk||||| |||| 00| 0 eng d
020 _a9780520048638x
041 _aeng
080 _a373.5 : 316.74:37](520) R-66
100 _aRohlen, Thomas P.
_926992
245 _aJapan's high schools /
_cThomas P. Rohlen.
264 _aBerkeley :
_bUniv. of Californis press,
_c1983.
300 _a363 p. :
_b ill. ;
_c24 cm.
653 _aსაშუალო სკოლა იაპონიაში
653 _aსაშუალო განათლება იაპონიაში
653 _aიაპონიის განათლების სოციოლოგია
942 _2udc
_cᲬᲘᲒᲜᲘ